| 000 | 01718nam a2200505 i 4500 | ||
|---|---|---|---|
| 001 | 37688 | ||
| 003 | KOSZ 005 | ||
| 005 | 20221025130238.0 | ||
| 008 | 000215s1999 pl a |000 0 pol | ||
| 015 | _aUWD 2000/2567 | ||
| 020 | _a8372420580 | ||
| 035 | _a991012919759705066 | ||
| 035 | _a(PL-WaBN)b1348929x-48omnis_nlop | ||
| 035 | _ab1348929x | ||
| 035 | _a(OCoLC)830221471 | ||
| 035 | _a(PL)b0000001348929 | ||
| 035 | _a(EXLNZ-48OMNIS_NETWORK)9910320863705606 | ||
| 040 |
_aWA N _cWA N _dKOSZ 005/HR |
||
| 041 | 0 | _apol | |
| 046 | _k1999 | ||
| 080 | _a612.1 | ||
| 080 | _a577.3 | ||
| 080 | _a532 | ||
| 080 | _a(075.8) | ||
| 100 | 1 |
_aBębenek, Bartłomiej _d(1942-1996) _eAutor |
|
| 245 | 1 | 0 |
_aPrzepływy w układzie krwionośnym : _bpodręcznik dla studentów wyższych szkół technicznych specjalność biomechanika / _cBartłomiej Bębenek ; Politechnika Krakowska im. Tadeusza Kościuszki. |
| 260 |
_aKraków : _bPK, _c1999. |
||
| 300 |
_a415 s. : _bil. ; _c24 cm. |
||
| 336 |
_aTekst _btxt _2rdacontent |
||
| 337 |
_aBez urządzenia pośredniczącego _bn _2rdamedia |
||
| 338 |
_aWolumin _bnc _2rdacarrier |
||
| 380 | _aKsiążki | ||
| 388 | _a1901-2000 | ||
| 388 | _a1989-2000 | ||
| 504 | _aBibliogr. | ||
| 650 | 7 |
_aBiomechanika _2DBN |
|
| 650 | 7 |
_aUkład krążenia _2DBN |
|
| 655 | 7 |
_aPodręczniki akademickie _2DBN |
|
| 658 | _aInżynieria i technika | ||
| 658 | _aMedycyna i zdrowie | ||
| 710 | 2 |
_aPolitechnika Krakowska im. Tadeusza Kościuszki _4pbl |
|
| 856 |
_uhttp://koha.tu.koszalin.pl/cgi-bin/koha/opac-detail.pl?biblionumber=37688 _yKatalog online BPK |
||
| 942 |
_2UKD _cKS |
||
| 999 |
_c37688 _d37688 |
||